[Event "18. Torneo Ciudad de Albacete 2010"]
[Site "Albacete ESP"]
[Date "2010.09.16"]
[Round "5.4"]
[White "Martinez Rodriguez, Pablo"]
[Black "Gongora Reyes, Maikel"]
[Result "1/2-1/2"]
[WhiteElo "2239"]
[BlackElo "2468"]
[PlyCount "93"]
[EventDate "2010.09.14"]
[EventType "swiss"]
[EventRounds "9"]
[EventCountry "ESP"]
[Source "lmi"]
[SourceDate "2010.09.14"]

1. Nf3 Nf6 2. c4 c6 3. Nc3 d5 4. e3 a6 5. Qc2 g6 6. d4 Bg7 7. Bd3 O-O 8. O-O b5
9. b3 Nbd7 10. Rd1 Bb7 11. Bd2 Qb8 12. cxd5 cxd5 13. Rac1 Rc8 14. Qb1 e5 15.
dxe5 Nxe5 16. Be2 Qd6 17. Be1 h5 18. h3 Rc7 19. Nxe5 Qxe5 20. Bf3 Rac8 21. Ne2
Ne4 22. Ba5 Rc6 23. Rxc6 Rxc6 24. Nd4 Rc8 25. Rc1 Qb8 26. Rxc8+ Qxc8 27. Qc2
Qxc2 28. Nxc2 f5 29. Nd4 Kf7 30. Bb4 f4 31. Kf1 Bh6 32. Bxe4 dxe4 33. exf4 Bxf4
34. Ke2 h4 35. Bd2 Bxd2 36. Kxd2 e3+ 37. Kxe3 Bxg2 38. Nf3 Kf6 39. Nxh4 Bxh3
40. f4 b4 41. Kd4 a5 42. Kc5 Bf5 43. Kb6 Bb1 44. Kxa5 Bxa2 45. Kxb4 Bxb3 46.
Kxb3 g5 47. fxg5+ 1/2-1/2

[Event "18. Torneo Ciudad de Albacete 2010"]
[Site "Albacete ESP"]
[Date "2010.09.16"]
[Round "5.5"]
[White "Picazo Lopez, Juan Antonio"]
[Black "Gonzalez Perez, Arian"]
[Result "0-1"]
[WhiteElo "2232"]
[BlackElo "2410"]
[PlyCount "74"]
[EventDate "2010.09.14"]
[EventType "swiss"]
[EventRounds "9"]
[EventCountry "ESP"]
[Source "lmi"]
[SourceDate "2010.09.14"]

1. d4 Nf6 2. c4 c5 3. d5 b5 4. cxb5 a6 5. b6 Qxb6 6. Nc3 g6 7. e4 d6 8. Be2 Bg7
9. Nf3 Bg4 10. Nd2 Bxe2 11. Qxe2 O-O 12. O-O Nbd7 13. a4 Qb4 14. a5 Ne8 15. Ra4
Qb7 16. Nc4 Nc7 17. Bf4 Nb5 18. Qd3 Rab8 19. Rfa1 f5 20. Nb6 Nxb6 21. axb6 Nxc3
22. bxc3 Qxb6 23. Rxa6 Qb5 24. Qxb5 Rxb5 25. e5 dxe5 26. Bg5 Rfb8 27. g3 Kf7
28. Rc6 h6 29. Be3 c4 30. Rxc4 Rxd5 31. Rc7 g5 32. Bc5 Bf6 33. h3 e4 34. Rc1
Rbd8 35. c4 Rd1+ 36. Rxd1 Rxd1+ 37. Kg2 f4 0-1

[Event "18. Torneo Ciudad de Albacete 2010"]
[Site "Albacete ESP"]
[Date "2010.09.16"]
[Round "5.6"]
[White "Marholev, Dimitar"]
[Black "Jimenez Martinez, Jose Vicente"]
[Result "1-0"]
[WhiteElo "2407"]
[BlackElo "2273"]
[PlyCount "73"]
[EventDate "2010.09.14"]
[EventType "swiss"]
[EventRounds "9"]
[EventCountry "ESP"]
[Source "lmi"]
[SourceDate "2010.09.14"]

1. e4 g6 2. d4 d6 3. h4 h5 4. Nc3 Bg7 5. Be3 a6 6. a4 b6 7. Qd2 Bb7 8. Nh3 Nf6
9. f3 Nbd7 10. Ng5 e6 11. Be2 Qe7 12. O-O Rc8 13. Rae1 c5 14. dxc5 dxc5 15. Bf4
Nh7 16. Rd1 Nxg5 17. Bxg5 f6 18. Be3 Ne5 19. Qe1 Kf7 20. Qg3 Rcd8 21. Rde1 Rd4
22. Bxd4 cxd4 23. Nd1 Qb4 24. f4 Ng4 25. Bxg4 hxg4 26. f5 gxf5 27. exf5 e5 28.
Qxg4 Rg8 29. c3 Qxa4 30. Rxe5 fxe5 31. Qg6+ Kf8 32. Qd6+ Kf7 33. Qe6+ Kf8 34.
f6 Qe8 35. Qd6+ Kf7 36. fxg7+ Kxg7 37. Qc7+ 1-0

[Event "18. Torneo Ciudad de Albacete 2010"]
[Site "Albacete ESP"]
[Date "2010.09.16"]
[Round "5.7"]
[White "Pardo Simon, David"]
[Black "Campayo Hernandez, Juan"]
[Result "1/2-1/2"]
[WhiteElo "2336"]
[BlackElo "2154"]
[PlyCount "120"]
[EventDate "2010.09.14"]
[EventType "swiss"]
[EventRounds "9"]
[EventCountry "ESP"]
[Source "lmi"]
[SourceDate "2010.09.14"]

1. b3 d5 2. Bb2 c5 3. e3 Nc6 4. f4 Nf6 5. Nf3 g6 6. Bb5 Bd7 7. O-O Bg7 8. d3
O-O 9. Qe2 d4 10. e4 Ng4 11. Bc1 Ne3 12. Bxc6 Bxc6 13. Bxe3 dxe3 14. c3 b5 15.
Qxe3 b4 16. Ne5 Rc8 17. cxb4 cxb4 18. Nd2 Bb5 19. Ndc4 Bxc4 20. bxc4 Qa5 21.
Rab1 Rfd8 22. Rfc1 Qxa2 23. Rxb4 Qa3 24. Rbb1 Bxe5 25. fxe5 Rxd3 26. Qf2 Qa6
27. Ra1 Qe6 28. c5 Qxe5 29. Rxa7 Rxc5 30. Rf1 f6 31. Ra4 Rdc3 32. Qd4 Rc2 33.
Qxe5 Rxe5 34. Rf2 Rc6 35. Rd2 Rce6 36. Rdd4 Rb6 37. Rd2 f5 38. exf5 Rb1+ 39.
Kf2 Rxf5+ 40. Kg3 Rb3+ 41. Kg4 Kg7 42. g3 h5+ 43. Kh3 Rb7 44. Ra6 Rf6 45. Ra5
Re6 46. Ra8 Re1 47. Ra6 Rb5 48. Rf2 Rb8 49. Rc2 Re8 50. Rb6 e6 51. Rf2 Re7 52.
Ra6 Re5 53. Rb6 Rd5 54. Re2 Kf7 55. Kg2 Rf5 56. Ra6 g5 57. h3 h4 58. gxh4 gxh4
59. Ra4 Rh5 60. Ree4 e5 1/2-1/2

[Event "18. Torneo Ciudad de Albacete 2010"]
[Site "Albacete ESP"]
[Date "2010.09.16"]
[Round "5.8"]
[White "Martinez Peiro, Gabriel"]
[Black "Serna Lara, Sergio"]
[Result "1/2-1/2"]
[WhiteElo "2051"]
[BlackElo "2236"]
[PlyCount "150"]
[EventDate "2010.09.14"]
[EventType "swiss"]
[EventRounds "9"]
[EventCountry "ESP"]
[Source "lmi"]
[SourceDate "2010.09.14"]

1. d4 e6 2. c4 Nf6 3. Nc3 Bb4 4. Qc2 O-O 5. a3 Bxc3+ 6. Qxc3 h6 7. e3 b6 8. Bd3
Bb7 9. f3 d5 10. Ne2 Nbd7 11. O-O c5 12. b4 cxd4 13. Qxd4 e5 14. Qh4 e4 15.
fxe4 dxc4 16. Bxc4 Ne5 17. Bd5 Nxd5 18. Qxd8 Rfxd8 19. exd5 Ba6 20. Re1 Rxd5
21. Nf4 Rd7 22. Bb2 f6 23. Bd4 Nc6 24. Bc3 Kf7 25. Red1 Rad8 26. Rxd7+ Rxd7 27.
Rc1 Bb5 28. Rc2 Ne7 29. Rd2 Rc7 30. Bb2 Bc4 31. Kf2 Nc6 32. Rc2 b5 33. e4 Re7
34. Kf3 Rd7 35. Nd5 f5 36. Ne3 fxe4+ 37. Kf2 Be6 38. Rxc6 Rd2+ 39. Kg3 Rxb2 40.
Rc7+ Kf6 41. Rxa7 Re2 42. Kf4 h5 43. Kxe4 g5 44. Kf3 Ra2 45. h3 Rb2 46. Ra6 Rb3
47. Ke4 Rb2 48. Rb6 Ra2 49. Rxb5 Rxa3 50. Rb6 Ke7 51. Rb7+ Kd6 52. Rb6+ Kd7 53.
Rb5 g4 54. Rxh5 gxh3 55. gxh3 Rb3 56. Rh7+ Kd6 57. Nf5+ Bxf5+ 58. Kxf5 Rxb4 59.
h4 Rb5+ 60. Kf6 Rb1 61. Rh5 Rh1 62. Rh7 Rf1+ 63. Kg6 Ke6 64. Ra7 Rg1+ 65. Kh6
Kf6 66. h5 Rg2 67. Kh7 Rh2 68. h6 Rh1 69. Ra2 Rb1 70. Rf2+ Kg5 71. Rg2+ Kh5 72.
Kg7 Rb7+ 73. Kf6 Rb6+ 74. Kg7 Rb7+ 75. Kf6 Rb6+ 1/2-1/2

[Event "18. Torneo Ciudad de Albacete 2010"]
[Site "Albacete ESP"]
[Date "2010.09.16"]
[Round "5.9"]
[White "Ontanon Gomez, Pablo"]
[Black "Alcaraz Ortega, Javier"]
[Result "1/2-1/2"]
[WhiteElo "2041"]
[BlackElo "2229"]
[PlyCount "80"]
[EventDate "2010.09.14"]
[EventType "swiss"]
[EventRounds "9"]
[EventCountry "ESP"]
[Source "lmi"]
[SourceDate "2010.09.14"]

1. e4 g6 2. d4 Bg7 3. Nc3 d6 4. Nf3 a6 5. Be2 b5 6. Bf4 Bb7 7. a3 Nd7 8. e5 c5
9. dxc5 dxe5 10. Be3 e4 11. Ng5 Ngf6 12. O-O O-O 13. Qd2 Qc7 14. b4 Rfd8 15.
Qe1 h6 16. Nh3 Nd5 17. Nxd5 Bxd5 18. Rd1 Ne5 19. Bd4 Qc6 20. Qc3 Qc7 21. Rfe1
Rd7 22. Qe3 Kh7 23. Rd2 Rad8 24. Red1 Be6 25. Bc3 Bd5 26. Bd4 f5 27. Nf4 Bf7
28. Kh1 g5 29. Nh3 Nc4 30. Bxc4 Bxc4 31. Bxg7 Rxd2 32. Rxd2 Rxd2 33. Qxd2 Kxg7
34. Qd4+ e5 35. Qd2 Kf6 36. Ng1 Ke6 37. Ne2 Qd7 38. Qxd7+ Kxd7 39. Nc3 Ke6 40.
Kg1 h5 1/2-1/2

[Event "18. Torneo Ciudad de Albacete 2010"]
[Site "Albacete ESP"]
[Date "2010.09.16"]
[Round "5.10"]
[White "Llavador Moron, Juan Jose"]
[Black "Olivera Gutierrez, Albert"]
[Result "1-0"]
[WhiteElo "2160"]
[BlackElo "2073"]
[PlyCount "115"]
[EventDate "2010.09.14"]
[EventType "swiss"]
[EventRounds "9"]
[EventCountry "ESP"]
[Source "lmi"]
[SourceDate "2010.09.14"]

1. d4 d5 2. c4 c6 3. Nf3 Nf6 4. Nc3 e6 5. e3 Nbd7 6. Qc2 b6 7. Bd2 Bb7 8. Bd3
Bd6 9. O-O O-O 10. e4 dxe4 11. Nxe4 Nxe4 12. Bxe4 Nf6 13. b4 Nxe4 14. Qxe4 Ba6
15. Rac1 Qe7 16. c5 Bc7 17. Rfe1 Rad8 18. Bg5 f6 19. Bh4 Rfe8 20. Ne5 Bb5 21.
a4 Bxa4 22. Ra1 Bb5 23. Rxa7 bxc5 24. bxc5 g5 25. Ng4 gxh4 26. Nxf6+ Qxf6 27.
Rxc7 Re7 28. Rxe7 Qxe7 29. Qg4+ Qg7 30. Qxe6+ Kh8 31. Re4 Rg8 32. g3 hxg3 33.
hxg3 Rf8 34. Rg4 Bc4 35. Qe4 Bd5 36. Qe5 Qxe5 37. dxe5 Rf3 38. Kf1 Rc3 39. f4
Bf3 40. Rg5 Rxc5 41. Kf2 Be4 42. Ke3 Bb1 43. g4 h6 44. Rh5 Kg7 45. g5 hxg5 46.
Rxg5+ Kf7 47. e6+ Kxe6 48. Rxc5 Kd6 49. Rc1 Bf5 50. Kd4 Be6 51. Rc5 Bd5 52. f5
Bf3 53. Re5 Bd5 54. Re3 c5+ 55. Kd3 Bc6 56. f6 Bd5 57. Re7 Be6 58. Ra7 1-0

[Event "18. Torneo Ciudad de Albacete 2010"]
[Site "Albacete ESP"]
[Date "2010.09.16"]
[Round "5.11"]
[White "Castellanos Bogalo, Antonio"]
[Black "Garcia Roman, Jose Luis Machado"]
[Result "1-0"]
[WhiteElo "2062"]
[BlackElo "1997"]
[PlyCount "61"]
[EventDate "2010.09.14"]
[EventType "swiss"]
[EventRounds "9"]
[EventCountry "ESP"]
[Source "lmi"]
[SourceDate "2010.09.14"]

1. e4 c5 2. d4 cxd4 3. c3 dxc3 4. Nxc3 e6 5. Nf3 Nc6 6. Bc4 Nge7 7. O-O Ng6 8.
Qe2 Be7 9. Rd1 O-O 10. Be3 Nge5 11. Nxe5 Nxe5 12. Bb3 a6 13. f4 Nc6 14. e5 b5
15. Ne4 Na5 16. Bc2 Nc4 17. Bd4 d5 18. exd6 Bxd6 19. Nxd6 Qxd6 20. Qe4 f5 21.
Qxa8 Qxf4 22. Qf3 Qc7 23. b3 Na3 24. Bd3 Rd8 25. Rac1 Qb8 26. Bb2 b4 27. Qe2
Nb5 28. Bxb5 Qb6+ 29. Kh1 axb5 30. Rxd8+ Qxd8 31. Qe5 1-0

[Event "18. Torneo Ciudad de Albacete 2010"]
[Site "Albacete ESP"]
[Date "2010.09.16"]
[Round "5.12"]
[White "Kovacevic, Slobodan"]
[Black "Moya Albaladejo, Jose Antonio"]
[Result "1-0"]
[WhiteElo "2386"]
[BlackElo "1952"]
[PlyCount "55"]
[EventDate "2010.09.14"]
[EventType "swiss"]
[EventRounds "9"]
[EventCountry "ESP"]
[Source "lmi"]
[SourceDate "2010.09.14"]

1. d4 Nf6 2. Nf3 g6 3. Bg5 Bg7 4. Nbd2 d5 5. e3 O-O 6. c3 Nbd7 7. b4 Qe8 8. Bf4
c6 9. Be2 Nh5 10. Bc7 h6 11. h3 f5 12. g4 Nhf6 13. gxf5 gxf5 14. Nh4 e6 15. Rg1
Kh7 16. Rg3 Rg8 17. Kf1 Nf8 18. Be5 Ne4 19. Nxe4 fxe4 20. Bh5 Qe7 21. Qg4 b6
22. Bg6+ Kh8 23. Qh5 Ba6+ 24. Kg2 Bxe5 25. Qxh6+ Nh7 26. dxe5 Rg7 27. Rg1 Rag8
28. Kh1 1-0

[Event "18. Torneo Ciudad de Albacete 2010"]
[Site "Albacete ESP"]
[Date "2010.09.16"]
[Round "5.13"]
[White "Sanchez Jerez, Emilio Miguel"]
[Black "Boj Marques, Javier"]
[Result "1-0"]
[WhiteElo "2282"]
[BlackElo "1917"]
[PlyCount "95"]
[EventDate "2010.09.14"]
[EventType "swiss"]
[EventRounds "9"]
[EventCountry "ESP"]
[Source "lmi"]
[SourceDate "2010.09.14"]

1. e4 e6 2. b3 d5 3. Bb2 d4 4. f4 c5 5. Nf3 Nf6 6. d3 Nc6 7. h3 Be7 8. g4 Qc7
9. Qd2 b5 10. a4 b4 11. Bg2 Bb7 12. Bc1 O-O-O 13. Qf2 Nd7 14. O-O f6 15. Ne1
Rdf8 16. Nd2 Na5 17. Ndf3 Bd6 18. Qd2 Nc6 19. h4 h5 20. gxh5 Rxh5 21. Bh3 Nd8
22. Ng2 f5 23. Qe2 Rhh8 24. Ng5 Rh6 25. Bd2 Kb8 26. Rae1 Nb6 27. Rf3 Qd7 28.
Rg3 Bc7 29. Rf1 a5 30. Kf2 Ka7 31. Ke1 Bb8 32. Kd1 Bd6 33. Re1 Bc6 34. h5 Bxa4
35. bxa4 Qxa4 36. Qf3 Qa2 37. Nh4 Na4 38. exf5 Nc3+ 39. Bxc3 dxc3 40. Ne4 b3
41. cxb3 c2+ 42. Kd2 exf5 43. Nxf5 c1=Q+ 44. Kxc1 Bxf4+ 45. Qxf4 Rb6 46. Rxg7+
Nf7 47. Qc7+ Rb7 48. Qxc5+ 1-0

[Event "18. Torneo Ciudad de Albacete 2010"]
[Site "Albacete ESP"]
[Date "2010.09.16"]
[Round "5.14"]
[White "Navarro Lopez-Menchero, Daniel"]
[Black "Buendia Pinar, Alvaro"]
[Result "1-0"]
[WhiteElo "2100"]
[BlackElo "1905"]
[PlyCount "85"]
[EventDate "2010.09.14"]
[EventType "swiss"]
[EventRounds "9"]
[EventCountry "ESP"]
[Source "lmi"]
[SourceDate "2010.09.14"]

1. e4 c6 2. Ne2 d5 3. e5 c5 4. d4 Nc6 5. c3 Bf5 6. dxc5 Nxe5 7. Nd4 Bd7 8. Bf4
Ng6 9. Bg3 e5 10. Nf3 e4 11. Ne5 Nxe5 12. Bxe5 f6 13. Bg3 Ne7 14. Be2 b6 15.
cxb6 Qxb6 16. b3 Bc6 17. O-O Nf5 18. Bf4 Bd6 19. Bxd6 Nxd6 20. Qd2 O-O 21. Na3
Rae8 22. Nc2 Nf5 23. Ne3 Nxe3 24. fxe3 Re5 25. a4 Rg5 26. b4 Qc7 27. Kh1 Rg6
28. Kg1 Qe5 29. b5 Bd7 30. Qd4 Qg5 31. Rf2 Bh3 32. Bf1 h5 33. Qxa7 h4 34. Raa2
Bg4 35. Qd4 h3 36. g3 Bf3 37. b6 Kh7 38. a5 Qh4 39. Rxf3 Rg4 40. Rf4 Rxg3+ 41.
hxg3 Qxg3+ 42. Kh1 g5 43. Rxf6 1-0

[Event "18. Torneo Ciudad de Albacete 2010"]
[Site "Albacete ESP"]
[Date "2010.09.16"]
[Round "5.15"]
[White "Machado Hernandez, Junior"]
[Black "Diaz Rios, Ignacio Jose"]
[Result "1-0"]
[WhiteElo "2010"]
[BlackElo "1897"]
[PlyCount "111"]
[EventDate "2010.09.14"]
[EventType "swiss"]
[EventRounds "9"]
[EventCountry "ESP"]
[Source "lmi"]
[SourceDate "2010.09.14"]

1. e4 c5 2. Nf3 Nc6 3. Nc3 a6 4. d4 cxd4 5. Nxd4 e5 6. Nf3 Bb4 7. Bc4 h6 8. O-O
Nf6 9. Be3 Bxc3 10. bxc3 Qc7 11. Bd5 b5 12. Bc5 Nxd5 13. Qxd5 Bb7 14. Bd6 Qc8
15. Nxe5 Nd8 16. Qd3 Ne6 17. Qf3 Ng5 18. Qf4 f6 19. Ng6 Rh7 20. Ne7 Qc4 21.
Rfe1 Kf7 22. f3 Qxc3 23. Rad1 Re8 24. Qf5 Rxe7 25. Bxe7 Bc6 26. Bd6 Rh8 27. h4
Ne6 28. h5 Rc8 29. e5 Bb7 30. Qg6+ Kg8 31. exf6 Qxf6 32. Qxf6 gxf6 33. Be7 Bc6
34. Bxf6 Rf8 35. Bb2 Rf4 36. Bc1 Rc4 37. Re2 Nd4 38. Re7 Rxc2 39. Rxd4 Rxc1+
40. Kf2 Rc2+ 41. Re2 Rc5 42. g4 Rc3 43. Rf4 d5 44. Rf6 d4 45. Rd2 d3 46. Rd6
Be8 47. R2xd3 Rxd3 48. Rxd3 b4 49. Rd6 a5 50. Ra6 a4 51. Rb6 Bf7 52. Rxb4 Bxa2
53. Rxa4 Be6 54. Ra6 Kf7 55. Rxe6 Kxe6 56. f4 1-0

[Event "18. Torneo Ciudad de Albacete 2010"]
[Site "Albacete ESP"]
[Date "2010.09.16"]
[Round "5.16"]
[White "Trabazos Gallego, Javier"]
[Black "Rubio Garrido, David"]
[Result "1-0"]
[WhiteElo "1980"]
[BlackElo "1677"]
[PlyCount "47"]
[EventDate "2010.09.14"]
[EventType "swiss"]
[EventRounds "9"]
[EventCountry "ESP"]
[Source "lmi"]
[SourceDate "2010.09.14"]

1. d4 d5 2. Bf4 e6 3. Nf3 Nf6 4. e3 Nbd7 5. Nbd2 Be7 6. Bd3 O-O 7. c3 c5 8. Qc2
c4 9. Be2 b5 10. Ng5 h6 11. h4 Bb7 12. f3 hxg5 13. hxg5 g6 14. gxf6 Bxf6 15. e4
Qe7 16. e5 Bg5 17. Bg3 Kg7 18. f4 Bh6 19. Bh4 Qe8 20. Bf6+ Nxf6 21. exf6+ Kh7
22. g4 Qb8 23. g5 Qxf4 24. Rxh6+ 1-0

[Event "18. Torneo Ciudad de Albacete 2010"]
[Site "Albacete ESP"]
[Date "2010.09.16"]
[Round "5.18"]
[White "Fenollar Jorda, Manuel"]
[Black "Bernabe Monteagudo, Francesc"]
[Result "1-0"]
[WhiteElo "2344"]
[BlackElo "1851"]
[PlyCount "35"]
[EventDate "2010.09.14"]
[EventType "swiss"]
[EventRounds "9"]
[EventCountry "ESP"]
[Source "lmi"]
[SourceDate "2010.09.14"]

1. d4 d5 2. Nf3 Nf6 3. e3 e6 4. Bd3 Nbd7 5. O-O c5 6. c3 Qc7 7. Nbd2 cxd4 8.
exd4 a6 9. Re1 b5 10. a4 b4 11. c4 dxc4 12. Nxc4 a5 13. Nfe5 Bb7 14. Bf4 Nd5
15. Bg3 Nxe5 16. Nxe5 Bd6 17. Rc1 Qb6 18. Nc4 1-0

[Event "18. Torneo Ciudad de Albacete 2010"]
[Site "Albacete ESP"]
[Date "2010.09.16"]
[Round "5.19"]
[White "Saez Gabikagogeaskoa, Oscar"]
[Black "Atienza, Hilario"]
[Result "0-1"]
[WhiteElo "1961"]
[BlackElo "1861"]
[PlyCount "116"]
[EventDate "2010.09.14"]
[EventType "swiss"]
[EventRounds "9"]
[EventCountry "ESP"]
[Source "lmi"]
[SourceDate "2010.09.14"]

1. e4 d5 2. exd5 Qxd5 3. Nc3 Qd6 4. d4 Nf6 5. Bg5 a6 6. Qd2 Nc6 7. O-O-O Bf5 8.
Bf4 Qd7 9. a3 e6 10. d5 exd5 11. Nxd5 Nxd5 12. Qxd5 O-O-O 13. Qxd7+ Rxd7 14.
Rxd7 Kxd7 15. Bc4 Bc5 16. f3 f6 17. Ne2 Re8 18. Rd1+ Kc8 19. Ng3 Bg6 20. h4 h6
21. h5 Bh7 22. Bf7 Be3+ 23. Bxe3 Rxe3 24. Bd5 Ne7 25. Bb3 Re5 26. Rd4 Rg5 27.
Be6+ Kb8 28. Rg4 Rxg4 29. fxg4 c6 30. c4 Kc7 31. Kd2 Kd6 32. Bf7 Ke5 33. Ke3
Bc2 34. Be8 Bb3 35. c5 Bd5 36. Kf2 a5 37. Ne2 Bc4 38. Ng3 Kd4 39. b4 axb4 40.
axb4 Be6 41. Kf3 Bd5+ 42. Kf4 Bxg2 43. Nf5+ Nxf5 44. Kxf5 Bf3 45. Kg6 Bxg4 46.
Kxg7 Kc4 47. Kxf6 Kxb4 48. Kg7 Kxc5 49. Kxh6 b5 50. Kg5 Bxh5 51. Bxh5 b4 52.
Kf4 Kd4 53. Kf3 Kd3 54. Bg6+ Kc3 55. Ke3 c5 56. Bf5 c4 57. Bg6 Kb2 58. Kd4 c3
0-1

[Event "18. Torneo Ciudad de Albacete 2010"]
[Site "Albacete ESP"]
[Date "2010.09.16"]
[Round "5.20"]
[White "Sanchez Argandona, Santiago"]
[Black "Menendez Solar, Jose Carlos"]
[Result "1-0"]
[WhiteElo "1673"]
[BlackElo "1877"]
[PlyCount "66"]
[EventDate "2010.09.14"]
[EventType "swiss"]
[EventRounds "9"]
[EventCountry "ESP"]
[Source "lmi"]
[SourceDate "2010.09.14"]

1. d4 c6 2. Nf3 f5 3. e3 Nf6 4. Bd3 d6 5. Nbd2 Qc7 6. c3 e5 7. e4 fxe4 8. Nxe4
Nxe4 9. Bxe4 d5 10. Bc2 Bg4 11. dxe5 Na6 12. h3 Bxf3 13. Qxf3 Qxe5+ 14. Qe3 Bd6
15. Qxe5+ Bxe5 16. Be3 O-O 17. Rd1 Rae8 18. O-O Nc7 19. Bxa7 Bd6 20. Be3 Ne6
21. a3 Nf4 22. Rd2 Kh8 23. Bd1 Re7 24. Rd4 Ne6 25. Rh4 Nc5 26. Bc2 h6 27. Bxh6
gxh6 28. Rxh6+ Kg7 29. Rxd6 Re2 30. b4 Rxc2 31. bxc5 Rf7 32. f4 Rxc3 33. f5
Rxc5 1-0

[Event "18. Torneo Ciudad de Albacete 2010"]
[Site "Albacete ESP"]
[Date "2010.09.17"]
[Round "6.1"]
[White "Mirzoev, Azer"]
[Black "Pogorelov, Ruslan"]
[Result "1/2-1/2"]
[WhiteElo "2525"]
[BlackElo "2447"]
[PlyCount "38"]
[EventDate "2010.09.14"]
[EventType "swiss"]
[EventRounds "9"]
[EventCountry "ESP"]
[Source "lmi"]
[SourceDate "2010.09.14"]

1. Nf3 Nf6 2. c4 e6 3. d4 d5 4. g3 Bb4+ 5. Bd2 Be7 6. Bg2 c6 7. Qc2 Nbd7 8. O-O
O-O 9. Bf4 Nh5 10. Bd2 Nhf6 11. Bf4 Nh5 12. Bc1 Nhf6 13. Nbd2 b6 14. Rd1 Bb7
15. e4 Rc8 16. e5 Ne8 17. cxd5 cxd5 18. Qb3 Ba6 19. Bf1 Bxf1 1/2-1/2

[Event "18. Torneo Ciudad de Albacete 2010"]
[Site "Albacete ESP"]
[Date "2010.09.17"]
[Round "6.2"]
[White "Marholev, Dimitar"]
[Black "Almeida Quintana, Omar"]
[Result "1/2-1/2"]
[WhiteElo "2407"]
[BlackElo "2559"]
[PlyCount "39"]
[EventDate "2010.09.14"]
[EventType "swiss"]
[EventRounds "9"]
[EventCountry "ESP"]
[Source "lmi"]
[SourceDate "2010.09.14"]

1. d4 g6 2. e4 Bg7 3. Nc3 d6 4. Be2 c6 5. a4 a5 6. Be3 Nf6 7. h4 h5 8. Nf3 d5
9. Ng5 dxe4 10. Bc4 O-O 11. Ncxe4 Nd5 12. O-O Nd7 13. Bb3 e6 14. c4 N5f6 15.
Nd6 Qe7 16. Bf4 Ne8 17. c5 Ndf6 18. Re1 Nd5 19. Bh2 Nef6 20. f3 1/2-1/2

[Event "18. Torneo Ciudad de Albacete 2010"]
[Site "Albacete ESP"]
[Date "2010.09.17"]
[Round "6.3"]
[White "Gonzalez Perez, Arian"]
[Black "Abreu Delgado, Aryam"]
[Result "1/2-1/2"]
[WhiteElo "2410"]
[BlackElo "2473"]
[PlyCount "103"]
[EventDate "2010.09.14"]
[EventType "swiss"]
[EventRounds "9"]
[EventCountry "ESP"]
[Source "lmi"]
[SourceDate "2010.09.14"]

1. e4 c5 2. Nf3 d6 3. d4 cxd4 4. Nxd4 Nf6 5. Nc3 a6 6. Bg5 e6 7. f4 Qb6 8. Nb3
Nbd7 9. Qe2 Qc7 10. O-O-O b5 11. g4 b4 12. Nb1 Bb7 13. Bg2 Rc8 14. Rd2 Be7 15.
h4 Nb6 16. c3 Nc4 17. Rc2 Qb6 18. Bxf6 Bxf6 19. g5 Be7 20. cxb4 O-O 21. Rh3
Qg1+ 22. Bf1 Bxe4 23. Rxc4 Rxc4+ 24. Qxc4 Bg2 25. Rg3 Bxf1 26. Rxg1 Bxc4 27.
Rg3 d5 28. Nc5 Bd6 29. Rf3 Rc8 30. Nc3 Bxc5 31. bxc5 Rxc5 32. Kd2 Kf8 33. b3
Bb5 34. a4 Bc6 35. Ne2 f6 36. Nd4 Bd7 37. h5 h6 38. gxf6 gxf6 39. Rg3 e5 40.
fxe5 fxe5 41. Nf3 d4 42. Rg6 Ke7 43. Rxh6 Bg4 44. b4 Rd5 45. Ng5 Bf5 46. Rxa6
e4 47. Ra5 Rxa5 48. bxa5 Kf6 49. Nxe4+ Bxe4 50. a6 Kg5 51. a7 Kxh5 52. a8=Q
1/2-1/2

[Event "18. Torneo Ciudad de Albacete 2010"]
[Site "Albacete ESP"]
[Date "2010.09.17"]
[Round "6.4"]
[White "Gongora Reyes, Maikel"]
[Black "Llavador Moron, Juan Jose"]
[Result "1-0"]
[WhiteElo "2468"]
[BlackElo "2160"]
[PlyCount "91"]
[EventDate "2010.09.14"]
[EventType "swiss"]
[EventRounds "9"]
[EventCountry "ESP"]
[Source "lmi"]
[SourceDate "2010.09.14"]

1. d4 d5 2. c4 e6 3. Nc3 c5 4. e3 Nf6 5. Nf3 Nc6 6. a3 Ne4 7. Bd3 Nxc3 8. bxc3
Be7 9. O-O O-O 10. Qc2 h6 11. Rd1 dxc4 12. Bxc4 Qc7 13. Ba2 Rd8 14. Bb1 g6 15.
e4 Bf8 16. Ba2 b6 17. Be3 Bb7 18. Qc1 Kh7 19. Bf4 Qc8 20. Qe3 Bg7 21. Rac1 Na5
22. Ne5 Rf8 23. h4 f6 24. Nf3 c4 25. Re1 Qc6 26. Bb1 Rae8 27. Rcd1 e5 28. Bg3
Qa4 29. dxe5 fxe5 30. Rd6 Rf6 31. Rd5 Rfe6 32. Nd2 Qxa3 33. Kh2 Qe7 34. h5 gxh5
35. Nf3 Bf6 36. Red1 Bc8 37. Kh1 Bg5 38. Qe2 Qf6 39. Bc2 h4 40. Bh2 Bf4 41. Ba4
Rf8 42. Bd7 Re7 43. Rd6 Qg7 44. Bxc8 Rxc8 45. Nxh4 Rg8 46. g3 1-0

[Event "18. Torneo Ciudad de Albacete 2010"]
[Site "Albacete ESP"]
[Date "2010.09.17"]
[Round "6.5"]
[White "La Rota, Fabio"]
[Black "Castellanos Bogalo, Antonio"]
[Result "1-0"]
[WhiteElo "2234"]
[BlackElo "2062"]
[PlyCount "109"]
[EventDate "2010.09.14"]
[EventType "swiss"]
[EventRounds "9"]
[EventCountry "ESP"]
[Source "lmi"]
[SourceDate "2010.09.14"]

1. e4 e5 2. Nc3 Nc6 3. Bc4 d6 4. d3 Be6 5. Bb5 Nge7 6. Nf3 h6 7. O-O a6 8. Ba4
g5 9. Ne2 Bg7 10. c3 f5 11. Ng3 f4 12. Nh5 O-O 13. Bb3 Qd7 14. d4 exd4 15. cxd4
Na5 16. Nxg7 Kxg7 17. Bxe6 Qxe6 18. d5 Qf7 19. b4 Nc4 20. Qd4+ Ne5 21. Nxe5
dxe5 22. Qxe5+ Kh7 23. Qxc7 f3 24. g4 Rac8 25. Qxb7 Rb8 26. Qa7 Rxb4 27. Qe3
Nxd5 28. exd5 Rxg4+ 29. Kh1 Rh4 30. Qe5 Re8 31. Qg3 Ree4 32. Rg1 Qh5 33. Qc7+
Kg8 34. Bb2 Rxh2+ 35. Qxh2 Rh4 36. Be5 Rxh2+ 37. Bxh2 Kf7 38. Rae1 Qh3 39. d6
Qf5 40. Rd1 Qd7 41. Rd3 Kg6 42. Rg3 g4 43. Rg1 h5 44. Rd4 Kf5 45. Re1 Kg6 46.
a4 Kf5 47. Bg3 h4 48. Rf4+ Kg5 49. Re5+ Kh6 50. Bxh4 Qc8 51. Rf6+ Kg7 52. Re7+
Kg8 53. d7 Qc1+ 54. Kh2 g3+ 55. Bxg3 1-0

[Event "18. Torneo Ciudad de Albacete 2010"]
[Site "Albacete ESP"]
[Date "2010.09.17"]
[Round "6.6"]
[White "Villasenor Rubio, Emilio Jose"]
[Black "Kovacevic, Slobodan"]
[Result "0-1"]
[WhiteElo "2101"]
[BlackElo "2386"]
[PlyCount "88"]
[EventDate "2010.09.14"]
[EventType "swiss"]
[EventRounds "9"]
[EventCountry "ESP"]
[Source "lmi"]
[SourceDate "2010.09.14"]

1. e4 c5 2. Nf3 e6 3. d4 cxd4 4. Nxd4 a6 5. Nc3 Qc7 6. Bd3 Nf6 7. f4 d6 8. Qf3
Nbd7 9. g4 Nc5 10. Be3 b5 11. g5 b4 12. Nce2 Nfd7 13. O-O Be7 14. a3 Rb8 15.
axb4 Rxb4 16. Qh3 g6 17. Bd2 Rb8 18. Bc3 e5 19. fxe5 Nxe5 20. Qg2 O-O 21. Nf4
Bb7 22. Rfe1 Rfe8 23. Re3 Bf8 24. Rh3 Bg7 25. Qf2 Qd7 26. Nf5 Bxe4 27. Nxg7
Kxg7 28. Qh4 Rh8 29. b4 Ncxd3 30. cxd3 Ba8 31. d4 Nc4 32. Re1 Rbe8 33. Qh6+ Kg8
34. Rxe8+ Qxe8 35. d5 Ne5 36. Re3 Qa4 37. Nh5 Qd1+ 38. Re1 Qxh5 39. Bxe5 dxe5
40. Kf2 Bxd5 41. Re3 Qg4 42. Ke1 Qxb4+ 43. Kf2 Qf4+ 44. Ke2 Bc4+ 0-1